000 00637nam a2200265Ia 4500
005 20260121171033.0
008 008 260114s9999 xx 000 0 eng d
020 _a9783030116989
037 _aEBOOK
040 _aCRL
040 _beng
040 _cCRL
041 _2eng
041 _aeng
084 _qCRL
100 _aErik O. Eriksen
_91071248
245 0 _aContesting Political Differentiation
260 _bSpringer
260 _bSpringer
260 _c2019
856 _uhttps://link.springer.com/openurl?genre=book&isbn=978-3-030-11698-9
942 _cEBOOK
999 _c1636978
_d1636978